| 000 -LEADER |
| fixed length control field |
00824cam a2200265 a 4500 |
| 001 - CONTROL NUMBER |
| control field |
3922248 |
| 005 - DATE AND TIME OF LATEST TRANSACTION |
| control field |
20180309075335.0 |
| 008 - FIXED-LENGTH DATA ELEMENTS--GENERAL INFORMATION |
| fixed length control field |
920408s1992 mnu 001 0 eng |
| 010 ## - LIBRARY OF CONGRESS CONTROL NUMBER |
| LC control number |
92011000 |
| 020 ## - INTERNATIONAL STANDARD BOOK NUMBER |
| International Standard Book Number |
0314008039 (v. 1) |
| 020 ## - INTERNATIONAL STANDARD BOOK NUMBER |
| International Standard Book Number |
0314008047 (v. 2) |
| 020 ## - INTERNATIONAL STANDARD BOOK NUMBER |
| International Standard Book Number |
0314008055 (v. 3) |
| 020 ## - INTERNATIONAL STANDARD BOOK NUMBER |
| International Standard Book Number |
0314010297 (v. 4) |
| 040 ## - CATALOGING SOURCE |
| Original cataloging agency |
DLC |
| Transcribing agency |
DLC |
| Modifying agency |
DLC |
| 041 ## - LANGUAGE CODE |
| Language code of text/sound track or separate title |
eng |
| 043 ## - GEOGRAPHIC AREA CODE |
| Geographic area code |
n-us--- |
| 080 ## - UNIVERSAL DECIMAL CLASSIFICATION NUMBER |
| Universal Decimal Classification number |
342.73029 NOW |
| 082 00 - DEWEY DECIMAL CLASSIFICATION NUMBER |
| Classification number |
342.73029 NOW |
| -- |
347.30229 |
| Edition number |
20 |
| 100 1# - Rafti |
| Rafti |
14 |
| 101 ## - Shkurtesa |
| Shkurtesa |
SHJ |
| 245 10 - TITLE STATEMENT |
| Title |
Treatise on constitutional law : |
| Statement of responsibility, etc |
by Ronald D. Rotunda, John E. Nowak. |
| 906 ## - LOCAL DATA ELEMENT F, LDF (RLIN) |
| a |
7 |
| b |
cbc |
| c |
orignew |
| d |
1 |
| e |
ocip |
| f |
19 |
| g |
y-gencatlg |
| 942 ## - ADDED ENTRY ELEMENTS (KOHA) |
| Source of classification or shelving scheme |
|
| Item type |
Books |